00353nam a2200145Ia 4500008004100000020001800041041000800059082001800067100001800085245003500103250000600138260002700144300001400171650002200185210716s2013 xx 000 0 und d a9788126543021 aeng a155.9042 ELKA aElkin, Allen. aStress management for dummies. a2 aNew DelhibWILEYc2013 axviii,362 aGeneral Knowledge